KAUMARABHRTYA (Record no. 34529)

MARC details
000 -LEADER
fixed length control field 00341nam a22001577a 4500
003 - CONTROL NUMBER IDENTIFIER
control field SGT
020 ## - INTERNATIONAL STANDARD BOOK NUMBER
International Standard Book Number 9788189798857
082 ## - DEWEY DECIMAL CLASSIFICATION NUMBER
Classification number 618.1
Item number K23S
100 ## - MAIN ENTRY--PERSONAL NAME
Personal name SINGH. DINESH K.
245 ## - TITLE STATEMENT
Title KAUMARABHRTYA
260 ## - PUBLICATION, DISTRIBUTION, ETC. (IMPRINT)
Place of publication, distribution, etc NEW DELHI
Name of publisher, distributor, etc CHAUKHAMBHA PUB.
Year of Publication 2023
300 ## - PAGE DESCRIPTION
No. of Pages 472
650 ## - SUBJECT ADDED ENTRY--TOPICAL TERM
Topical term or geographic name as entry element AYURVEDA
653 ## - KEYWORDS--INDEX TERM
Keyword term KAUMARABHRTYA
942 ## - ADDED ENTRY ELEMENTS (KOHA)
Source of classification or shelving scheme Dewey Decimal Classification
Koha item type Books
Holdings
Withdrawn status Lost status Source of classification or shelving scheme Damaged status Not for loan Collection code Home library Current library Shelving location Date acquired Vendor Name Cost, normal purchase price SGTU Bill Number Total Checkouts Full call number Accession No. (Barcode) Checked out Date last seen Date last borrowed Bill Date Koha item type Use restrictions
    Dewey Decimal Classification     AYURVEDA SGT FA-FP Library SGT FA-FP Library Text Book 06/04/2026 CHAUKHAMBHA PUB. 595.00 SGTU CP/B/1322 2 618.1 K23S FA13021 14/07/2026 26/06/2026 26/06/2026 23/03/2026 Books  
    Dewey Decimal Classification     AYURVEDA SGT FA-FP Library SGT FA-FP Library Text Book 06/04/2026 CHAUKHAMBHA PUB. 595.00 SGTU CP/B/1322 3 618.1 K23S FA13022 14/07/2026 16/06/2026 16/06/2026 23/03/2026 Books  
    Dewey Decimal Classification     AYURVEDA SGT FA-FP Library SGT FA-FP Library Reference Book 06/04/2026 CHAUKHAMBHA PUB. 595.00 SGTU CP/B/1322   618.1 K23S FA13023   06/04/2026   23/03/2026 Books Restricted Access
    Dewey Decimal Classification     AYURVEDA SGT FA-FP Library SGT FA-FP Library Text Book 06/04/2026 CHAUKHAMBHA PUB. 595.00 SGTU CP/B/1322   618.1 K23S FA13024   06/04/2026   23/03/2026 Books  
    Dewey Decimal Classification     AYURVEDA SGT FA-FP Library SGT FA-FP Library Text Book 06/04/2026 CHAUKHAMBHA PUB. 595.00 SGTU CP/B/1322 2 618.1 K23S FA13025   17/06/2026 28/05/2026 23/03/2026 Books